000 00306nam a2200109Ia 4500
008 201231s9999 xx 000 0 und d
100 _aChang,Richard Y.
245 0 _aSuccess through teamwork: A practical guide to interpersonal team dynamics
260 _aNew Delhi
_bWheeler pub
300 _a0
942 _cBK
999 _c9873
_d9873